| 000 | 00736nam a2200181 a 4500 | ||
|---|---|---|---|
| 001 | 000005434 | ||
| 005 | 20200929151658.0 | ||
| 008 | 090819s1993 sp a 001 spa d | ||
| 020 | _a8400073800 | ||
| 040 | _aDO-SdBNP | ||
| 082 |
_axxx _bT284f |
||
| 245 | 0 | 0 |
_afauna marina circalitoral del sur de la península ibérica : _bresultado de la campaña ocenográfica, fauna I. / _cJ. Templado, A. Guerra, J. Bedoya, D. Moreno, J. M. Remon, M. Maldonado, M. A Ramos. |
| 260 |
_aMadrid, : _bMuseo Nacional de Ciencia Naturales, Consejo Superior de Investigaciones Científicas, _c1993. |
||
| 300 |
_a135 p. + 46 lamina : _bil ; _c25 cm. |
||
| 500 | _aIncluye referecia bibliográfia | ||
| 500 | _aIncluye tabla de contenido | ||
| 049 | _aBNPD | ||
| 999 |
_c5234 _d5234 |
||